Made in Brasil Rossi mod. 851

Podrobná bibliografia
Hlavný autor: Krutiš, Svatopluk (Autor, Fotograf)
Médium: Článok
Jazyk:čeština
PhysicalDescription:Fotografie
ISSN:1212-5210
Predmet:

MARC

LEADER 00000nab a2200000 4500
001 vtls011736636
003 SK-MaSNL
005 20260303082256.0
008 180116 2018 xo 000 0 cze
015 |a SNBRB2018/01  |2 LMAOSK 
040 |a LMAOSK  |b slo  |e rda 
041 0 |a cze 
044 |a xo  |c SK 
072 7 |a 623  |x Vojenská technika  |2 konspekt 
080 |a 623.441/.443  |2 2011 
080 |a 623.443  |2 2011 
080 |a 623.443.2  |2 2011 
080 |a (046)  |2 2011 
100 1 |a Krutiš, Svatopluk  |4 aut  |4 pht  |9 1086250 
245 1 0 |a Made in Brasil  |b Rossi mod. 851  |c text a foto Svatopluk Krutiš 
300 |b Fotografie 
336 |a text  |b txt  |2 rdacontent 
337 |a bez média  |b n  |2 rdamedia 
338 |a zväzok  |b nc  |2 rdacarrier 
500 |a Obsahuje technické údaje. 
650 0 7 |a Rossi mod. 851 (revolver)  |2 LMAOSK  |9 1086912 
650 0 7 |a S&W 586/686 (revolver)  |2 LMAOSK  |9 1086913 
650 0 7 |a strelné zbrane  |2 SNKPH  |9 68540 
650 0 7 |a krátke ručné palné zbrane  |2 SNKPH  |9 29006 
650 0 7 |a revolvery  |2 SNKPH  |9 26331 
655 7 |a články  |2 SNKPH  |9 70601 
773 0 |t Zbraně & náboje  |g Roč. XIX, č. 1 (2018), s. 31-33  |x 1212-5210 
852 |a LMAOSK  |b KIS3GCP 
958 |a NB 
999 |c 1787362  |d 1789292